00994nam a2200277 a 450000100060000000300080000600500170001400800410003103500200007203500190009203500120011104000540012304100080017708200220018510000250020724500940023226000430032630000360036950000260040550400520043165000330048374000260051694200120054299900170055495201450057143665BD-RjUL20211209053731.0160626s1959 ne a b 001 0 eng c a(DLC)a 60000599 a(BD-RjUL)43783 a7487349 aRochester. Univ. Libr.cOTUdOTUdOCoLCdDLCbeng aeng a332.414bBOS 19591 aBotha, D. J.913417412aA study in the theory of monetary equilibrium :ba comparative analysis /cby D.J. Botha. aLeiden :bH.E. Stenfert Kroese,c1959. aviii, 192 p. :bill. ;c24 cm. aErrata slip inserted. aBibliography: p. [189]-190. Index: p.[191]-192. 0aInflation (Finance).91341750 aMonetary equilibrium. 2ddccBK c43665d43665 00102ddc40708NFICaRUCLbRUCLcStackd1962-10-18eSweets ana Zait.g33.10l0o332.414 BOS 1959r2016-06-26 00:00:00tC-2w2016-06-26yBK